| 000 | 00686nam a2200229 a 4500 | ||
|---|---|---|---|
| 001 | 21180 | ||
| 003 | BD-RjUL | ||
| 005 | 20250812154951.0 | ||
| 008 | 140303r19621959enk 000 1 eng | ||
| 035 | _a(BD-RjUL)21244 | ||
| 040 |
_aDLC _cNRC _dNRC _dUKM _dBD-RjUL _dEQO _beng |
||
| 041 | _aeng | ||
| 082 | 0 | 4 |
_a823.91 _218 _bSIL 1962 |
| 100 | 1 |
_aSillitoe, Alan. _961710 |
|
| 245 | 1 | 4 |
_aThe loneliness of the long-distance runner / _cAlan Sillitoe. |
| 260 |
_aLondon : _bAllen, _c1959 [reprinted 1960,1962]. |
||
| 300 |
_a176 p. ; _c21 cm. |
||
| 650 |
_a Cross country runners -- _v Drama. _zGreat Britain -- _965455 |
||
| 942 |
_2ddc _cBK |
||
| 999 |
_c21180 _d21180 |
||